Central Library OPAC University of Rajshahi

Aspects of society and culture of the Varendra, 1200-1576 A.D. / (Record no. 26198)

MARC details
000 -LEADER
fixed length control field 00832cam a2200253 a 4500
001 - CONTROL NUMBER
control field 26198
003 - CONTROL NUMBER IDENTIFIER
rucl marc code BD-RjUL
005 - DATE AND TIME OF LATEST TRANSACTION
control field 20211209051002.0
008 - FIXED-LENGTH DATA ELEMENTS--GENERAL INFORMATION
fixed length control field 140320t1998 bg ab b 000 0 eng
035 ## - SYSTEM CONTROL NUMBER
System control number (BD-RjUL)26268
040 ## - CATALOGING SOURCE
Original cataloging agency DLC
Transcribing agency DLC
Language of cataloging eng
Modifying agency BD-RjUL
041 ## - LANGUAGE CODE
Language code of text/sound track or separate title eng
082 04 - DEWEY DECIMAL CLASSIFICATION NUMBER
Classification number 954.02
Author mark and year ALA 1998
100 1# - MAIN ENTRY--PERSONAL NAME
Personal name Ālī, E. Ke. Ema. Iẏākuba,
Dates associated with a name 1939-
9 (RLIN) 80533
245 10 - TITLE STATEMENT
Title Aspects of society and culture of the Varendra, 1200-1576 A.D. /
Statement of responsibility, etc. A.K.M. Yaqub Ali.
260 ## - PUBLICATION, DISTRIBUTION, ETC. (IMPRINT)
Place of publication, distribution, etc. Rajshahi :
Name of publisher, distributor, etc. M. Sajjadur Rahim,
Date of publication, distribution, etc. 1998.
300 ## - PHYSICAL DESCRIPTION
Pagination viii, 421 p. :
Illustrations ill., maps ;
Size 23 cm.
504 ## - BIBLIOGRAPHY, ETC. NOTE
Bibliography, etc Includes bibliographical references (p. [397]-421).
520 ## - SUMMARY, ETC.
Summary, etc. Historical account of a tract in north Bengal.
651 #0 - SUBJECT ADDED ENTRY--GEOGRAPHIC NAME
Geographic name Bengal (India)
General subdivision History.
9 (RLIN) 80534
942 ## - ADDED ENTRY ELEMENTS (KOHA)
Source of classification or shelving scheme Dewey Decimal Classification
Koha item type Books
Holdings
Lost status Source of classification or shelving scheme Damaged status Not for loan Collection code Permanent Location Current Location Shelving location Date acquired Source of acquisition Cost, normal purchase price Total Checkouts Full call number Date last seen Copy number Koha item type
  Dewey Decimal Classification     Non-fiction Central Library, University of Rajshahi Central Library, University of Rajshahi   20/05/1998 Prof; Ali.Y. dean, faculty of Arts R.U. 300.00   954.02 ALA 1998 20/03/2014 C-6 Books
  Dewey Decimal Classification     Non-fiction Central Library, University of Rajshahi Central Library, University of Rajshahi   20/05/1998 Prof; Ali.Y. dean, faculty of Arts R.U. 300.00   954.02 ALA 1998 22/03/2014 C-4 Books
  Dewey Decimal Classification     Non-fiction Central Library, University of Rajshahi Central Library, University of Rajshahi   20/05/1998 Prof; Ali.Y. dean, faculty of Arts R.U. 300.00   954.02 ALA 1998 22/03/2014 C-5 Books
  Dewey Decimal Classification     Non-fiction Central Library, University of Rajshahi Central Library, University of Rajshahi   20/05/1998 Prof; Ali.Y. dean, faculty of Arts R.U. 300.00   954.02 ALA 1998 22/03/2014 C-7 Books
  Dewey Decimal Classification     Non-fiction Central Library, University of Rajshahi Central Library, University of Rajshahi   20/05/1998 Prof; Ali.Y. dean, faculty of Arts R.U. 300.00   954.02 ALA 1998 22/03/2014 C-8 Books
  Dewey Decimal Classification     Non-fiction Central Library, University of Rajshahi Central Library, University of Rajshahi   20/05/1998 Prof; Ali.Y. dean, faculty of Arts R.U. 300.00   954.02 ALA 1998 22/03/2014 C-9 Books
  Dewey Decimal Classification     Non-fiction Central Library, University of Rajshahi Central Library, University of Rajshahi   20/05/1998 Prof; Ali.Y. dean, faculty of Arts R.U. 300.00   954.02 ALA 1998 22/03/2014 C-10 Books
  Dewey Decimal Classification     Non-fiction Central Library, University of Rajshahi Central Library, University of Rajshahi   20/05/1998 Paragon Enterprises Dhaka 300.00   954.02 ALA 1998 13/11/2016 C-2 Books
  Dewey Decimal Classification     Non-fiction Central Library, University of Rajshahi Central Library, University of Rajshahi   20/05/1998 Paragon Enterprises Dhaka 300.00   954.02 ALA 1998 13/11/2016 C-3 Books